1178 1436 1729 1586 1968 1310 1427 1543 1002 1924 1338 1136 1779 1714 1308 1984 1419 1242 1323 1640 1667 1257 1077 1252 1689 1698 1342 1825 1438 1377 1144 1233 1781 1711 1303 1394 1300 1064 1450 1458 1493 1165 1990 1955 1528 1174 1693 1236 1883 1576 1297 1156 1621 1976 1538 1210 1588 1865 1365 1005 1151 1566 1587 1317 1749 1656 1864 1643 1033 1556 1051 1602 1141 1217 1286 1401 1401 1281 1770 1458 1492 1564 1927 1840 1826 1531 1162 1517 1600 1811 1956 1323 1179 1345 1202 1468 1917 1049 1239 BCNSPRNW ULIB Ver.6.0+V

เปลี่ยนเป็นภาษาไทย

Change to English
 แสดงรายละเอียดบรรณานุกรม
  กลับหน้าหลัก

Brief Record : Get Marc (ISO 2709) : E-mail record : QR code < ปิดหน้าต่าง
LEADER : 00000nam 2200000uu 4500
001    13399127527
003     ULIB
008    210114s2561||||th 000 0 tha d
020    ^a9786164686649
060 04 ^aWY159^bท364ก
100 0  ^aทัศนีย์ อรรถารส
245 00 ^aการพยาบาลโดยให้ครอบครัวเป็นศูนย์กลางในเด็กที่ป่วยเป็นโรคมะเร็งและครอบครัว/^bทัศนีย์ อรรถารส
250    ^aพิมพ์ครั้งที่ 1
260    ^aกรุงเทพฯ:^bโรงพิมพ์แห่งจุฬาลงกรณ์มหาวิทยาลัย,^c2561.
300    ^a132 หน้า:^bภาพประกอบ;^c26 ซม.
650  7 ^aการพยาบาล
650  0 ^aโรคมะเร็งในเด็ก
710 1  ^aสถาบันการพยาบาลศรีสวรินทิรา สภากาชาดไทย
945    ^p200^l0^i007303
945    ^p200^l0^i007304
999    ^aประนอม เกษจรัล
รายการนี้ยังไม่มีแท็ก
คุณยังไม่ได้ล็อกอิน คุณสามารถมีกิจกรรมร่วมกับเว็บไซต์ได้ แต่ต้องล็อกอินก่อน ::
  ล็อกอิน

รายการสื่อสารสนเทศ

ลำดับที่ ประเภท เลขเรียก/บาร์โค้ด สถานที่ สถานะ
1. Book การพยาบาล
หนังสือสำรอง
สถานะ=หนังสือสำรอง
WY159 ท364ก ฉ.1 
  Barcode: 007303
ห้องสมุดวิทยาเขตสวรรค์ประชารักษ์
►หนังสือทั่วไป
บนชั้น
2. Book การพยาบาล
Book การพยาบาล
WY159 ท364ก ฉ.2 
  Barcode: 007304
ห้องสมุดวิทยาเขตสวรรค์ประชารักษ์
►หนังสือทั่วไป
บนชั้น

รายการใกล้เคียง
    ผู้แต่ง [ทัศนีย์ อรรถารส]

    หัวเรื่อง [การพยาบาล]
    หัวเรื่อง [โรคมะเร็งในเด็ก]

BibComment


ยังไม่เคยถูกคอมเมนท์

คอมเมนท์ทรัพยากรรายการนี้
  คอมเมนท์: การพยาบาลโดยให้ค..


 Copyright 2026. Bcnsprnw @Library